000 00487nam a2200181Ia 4500
005 20250326123956.0
008 250326s9999 xx 000 0 und d
037 _aTextbook
040 _aFMSL
_beng
_cFMSL
041 _aeng
_2eng
084 _aXx K5.3
_qFMSL
100 _aRobinson J
245 0 _aCollected economic papers
_cRobinson J
260 _aGreat
_bGreat, Britain Basil Blackwell
_c1965
300 _a215p
942 _cTB
_hXx K5.3
999 _c1271726
_d1271726